Yüklüyor......
Allocation of resources /
| Yazar: | |
|---|---|
| Diğer Yazarlar: | |
| Dil: | Undetermined |
| Baskı/Yayın Bilgisi: |
London
George Allen&unwin
1978
|
| LEADER | 00457nam a2200145Ia 4500 | ||
|---|---|---|---|
| 001 | 102987 | ||
| 008 | 170722s9999 xx 000 0 und d | ||
| 100 | |a George, Kenneth D. | ||
| 245 | |a Allocation of resources / | ||
| 260 | |b George Allen&unwin |a London |c 1978 | ||
| 300 | |a 275 |c 22 cm. | ||
| 700 | |a Shorey, John | ||
| 942 | |c GEN | ||
| 999 | |c 10079 |d 10079 | ||
| 952 | |0 0 |1 0 |4 0 |6 X_27_N_L8 |7 0 |8 LC1 |9 11541 |a LIB |b LIB |d 2017-08-12 |o X:27.N L8 |p 177279 |r 2017-08-12 |v 0.00 |w 2017-08-12 |y GEN | ||